<?xml version="1.0" encoding="UTF-8"?>
<record
    xmlns:xsi="http://www.w3.org/2001/XMLSchema-instance"
    xsi:schemaLocation="http://www.loc.gov/MARC21/slim http://www.loc.gov/standards/marcxml/schema/MARC21slim.xsd"
    xmlns="http://www.loc.gov/MARC21/slim">

  <leader>04552namaa22004211i 4500</leader>
  <controlfield tag="003">OSt</controlfield>
  <controlfield tag="005">20260310124340.0</controlfield>
  <controlfield tag="008">250827s2024    ua a|||frm||| 000 0 eng d</controlfield>
  <datafield tag="040" ind1=" " ind2=" ">
    <subfield code="a">EG-GICUC</subfield>
    <subfield code="b">ara</subfield>
    <subfield code="c">EG-GICUC</subfield>
    <subfield code="d">EG-GICUC</subfield>
    <subfield code="e">rda</subfield>
  </datafield>
  <datafield tag="041" ind1="0" ind2=" ">
    <subfield code="a">ara</subfield>
    <subfield code="b">ara</subfield>
    <subfield code="b">eng</subfield>
  </datafield>
  <datafield tag="049" ind1=" " ind2=" ">
    <subfield code="a">&#x625;&#x64A;&#x62F;&#x627;&#x639;</subfield>
  </datafield>
  <datafield tag="082" ind1="0" ind2="4">
    <subfield code="a">371.201</subfield>
  </datafield>
  <datafield tag="092" ind1=" " ind2=" ">
    <subfield code="a">371.201</subfield>
    <subfield code="2">21</subfield>
  </datafield>
  <datafield tag="097" ind1=" " ind2=" ">
    <subfield code="a">&#x645;&#x640;&#x640;&#x640;&#x640;&#x627;&#x62C;&#x633;&#x62A;&#x64A;&#x631;</subfield>
  </datafield>
  <datafield tag="099" ind1=" " ind2=" ">
    <subfield code="a">Cai01.23.02.M.Sc.2024.&#x633;&#x639;.&#x645;</subfield>
  </datafield>
  <datafield tag="100" ind1="0" ind2=" ">
    <subfield code="a">&#x60C;&#x633;&#x639;&#x627;&#x62F; &#x62D;&#x633;&#x646;&#x64A; &#x633;&#x639;&#x64A;&#x62F; &#x645;&#x62D;&#x645;&#x648;&#x62F;</subfield>
    <subfield code="e">&#x625;&#x639;&#x62F;&#x627;&#x62F;.</subfield>
  </datafield>
  <datafield tag="245" ind1="1" ind2="0">
    <subfield code="a">&#x645;&#x62A;&#x637;&#x644;&#x628;&#x627;&#x62A; &#x627;&#x644;&#x642;&#x64A;&#x627;&#x62F;&#x629; &#x627;&#x644;&#x625;&#x628;&#x62F;&#x627;&#x639;&#x64A;&#x629; &#x628;&#x645;&#x62F;&#x627;&#x631;&#x633; &#x627;&#x644;&#x62A;&#x639;&#x644;&#x64A;&#x645; &#x627;&#x644;&#x639;&#x627;&#x645; &#x641;&#x64A; &#x645;&#x635;&#x631; /</subfield>
    <subfield code="c">&#x625;&#x639;&#x62F;&#x627;&#x62F; &#x633;&#x639;&#x627;&#x62F; &#x62D;&#x633;&#x646;&#x64A; &#x633;&#x639;&#x64A;&#x62F; &#x645;&#x62D;&#x645;&#x648;&#x62F;&#x61B; &#x625;&#x634;&#x631;&#x627;&#x641; &#x623;.&#x62F;. &#x641;&#x627;&#x631;&#x648;&#x642; &#x62C;&#x639;&#x641;&#x631; &#x639;&#x628;&#x62F; &#x627;&#x644;&#x62D;&#x643;&#x64A;&#x645;&#x60C; &#x62F;. &#x639;&#x628;&#x64A;&#x631; &#x623;&#x62D;&#x645;&#x62F; &#x639;&#x644;&#x64A; &#x643;&#x627;&#x639;&#x648;&#x629;.</subfield>
  </datafield>
  <datafield tag="246" ind1="1" ind2="5">
    <subfield code="a">Creative leadership requirements at public education schools in egypt /</subfield>
  </datafield>
  <datafield tag="264" ind1=" " ind2="0">
    <subfield code="c">2024.</subfield>
  </datafield>
  <datafield tag="300" ind1=" " ind2=" ">
    <subfield code="a">235 &#x635;&#x641;&#x62D;&#x629; :</subfield>
    <subfield code="b">&#x625;&#x64A;&#x636;&#x627;&#x62D;&#x64A;&#x627;&#x62A; &#x61B; </subfield>
    <subfield code="c">25 cm. + </subfield>
    <subfield code="e">CD.</subfield>
  </datafield>
  <datafield tag="336" ind1=" " ind2=" ">
    <subfield code="a">text</subfield>
    <subfield code="2">rda content</subfield>
  </datafield>
  <datafield tag="337" ind1=" " ind2=" ">
    <subfield code="a">Unmediated</subfield>
    <subfield code="2">rdamedia</subfield>
  </datafield>
  <datafield tag="338" ind1=" " ind2=" ">
    <subfield code="a">volume</subfield>
    <subfield code="2">rdacarrier</subfield>
  </datafield>
  <datafield tag="502" ind1=" " ind2=" ">
    <subfield code="a">&#x623;&#x637;&#x631;&#x648;&#x62D;&#x629; (&#x645;&#x627;&#x62C;&#x633;&#x62A;&#x64A;&#x631;)-&#x62C;&#x627;&#x645;&#x639;&#x629; &#x627;&#x644;&#x642;&#x627;&#x647;&#x631;&#x629;&#x60C; 2024. </subfield>
  </datafield>
  <datafield tag="504" ind1=" " ind2=" ">
    <subfield code="a">&#x628;&#x644;&#x64A;&#x648;&#x62C;&#x631;&#x627;&#x641;&#x64A;&#x627;: &#x635;&#x641;&#x62D;&#x627;&#x62A; 201-211.</subfield>
  </datafield>
  <datafield tag="520" ind1=" " ind2=" ">
    <subfield code="a">&#x647;&#x62F;&#x641;&#x62A; &#x647;&#x630;&#x647; &#x627;&#x644;&#x62F;&#x631;&#x627;&#x633;&#x629; &#x625;&#x644;&#x649; &#x62A;&#x639;&#x631;&#x64F;&#x651;&#x641; &#x645;&#x644;&#x627;&#x645;&#x62D; &#x627;&#x644;&#x642;&#x64A;&#x627;&#x62F;&#x629; &#x627;&#x644;&#x625;&#x628;&#x62F;&#x627;&#x639;&#x64A;&#x629; &#x645;&#x646; &#x62D;&#x64A;&#x62B; &#x627;&#x644;&#x645;&#x641;&#x647;&#x648;&#x645; &#x648;&#x627;&#x644;&#x645;&#x62A;&#x637;&#x644;&#x628;&#x627;&#x62A;&#x60C; &#x648;&#x62A;&#x639;&#x631;&#x64F;&#x651;&#x641; &#x627;&#x644;&#x647;&#x64A;&#x643;&#x644; &#x627;&#x644;&#x62A;&#x646;&#x638;&#x64A;&#x645;&#x64A; &#x648;&#x627;&#x644;&#x625;&#x62F;&#x627;&#x631;&#x64A; &#x644;&#x645;&#x631;&#x627;&#x62D;&#x644; &#x627;&#x644;&#x62A;&#x639;&#x644;&#x64A;&#x645; &#x627;&#x644;&#x639;&#x627;&#x645; &#x641;&#x64A; &#x645;&#x635;&#x631;&#x60C; &#x648;&#x62A;&#x639;&#x631;&#x64F;&#x651;&#x641; &#x648;&#x627;&#x642;&#x639; &#x645;&#x62F;&#x627;&#x631;&#x633; &#x627;&#x644;&#x62A;&#x639;&#x644;&#x64A;&#x645; &#x627;&#x644;&#x639;&#x627;&#x645;&#x60C; &#x648;&#x627;&#x644;&#x62A;&#x62D;&#x62F;&#x64A;&#x627;&#x62A; &#x627;&#x644;&#x62A;&#x64A; &#x62A;&#x64E;&#x62D;&#x64F;&#x648;&#x644; &#x62F;&#x648;&#x646; &#x648;&#x62C;&#x648;&#x62F; &#x642;&#x64A;&#x627;&#x62F;&#x629; &#x625;&#x628;&#x62F;&#x627;&#x639;&#x64A;&#x629; &#x628;&#x645;&#x62F;&#x627;&#x631;&#x633; &#x627;&#x644;&#x62A;&#x639;&#x644;&#x64A;&#x645; &#x627;&#x644;&#x639;&#x627;&#x645; &#x641;&#x64A; &#x645;&#x635;&#x631;&#x60C; &#x648;&#x62A;&#x642;&#x62F;&#x64A;&#x645; &#x62A;&#x64E;&#x635;&#x64E;&#x648;&#x64F;&#x651;&#x631; &#x645;&#x642;&#x62A;&#x631;&#x62D; &#x644;&#x62A;&#x637;&#x628;&#x64A;&#x642; &#x627;&#x644;&#x642;&#x64A;&#x627;&#x62F;&#x629; &#x627;&#x644;&#x625;&#x628;&#x62F;&#x627;&#x639;&#x64A;&#x629; &#x641;&#x64A; &#x645;&#x62F;&#x627;&#x631;&#x633; &#x627;&#x644;&#x62A;&#x639;&#x644;&#x64A;&#x645; &#x627;&#x644;&#x639;&#x627;&#x645; &#x628;&#x645;&#x635;&#x631;&#x60C; &#x648;&#x642;&#x62F; &#x62A;&#x645; &#x627;&#x633;&#x62A;&#x62E;&#x62F;&#x627;&#x645; &#x627;&#x644;&#x645;&#x646;&#x647;&#x62C; &#x627;&#x644;&#x648;&#x635;&#x641;&#x64A; &#x641;&#x64A; &#x647;&#x630;&#x647; &#x627;&#x644;&#x62F;&#x631;&#x627;&#x633;&#x629;&#x60C; &#x648;&#x645;&#x646; &#x623;&#x647;&#x645; &#x646;&#x62A;&#x627;&#x626;&#x62C; &#x627;&#x644;&#x62F;&#x631;&#x627;&#x633;&#x629; &#x636;&#x631;&#x648;&#x631;&#x629; &#x627;&#x633;&#x62A;&#x62E;&#x62F;&#x627;&#x645; &#x627;&#x644;&#x62A;&#x643;&#x646;&#x648;&#x644;&#x648;&#x62C;&#x64A;&#x627; &#x641;&#x64A; &#x62A;&#x62D;&#x633;&#x64A;&#x646; &#x627;&#x644;&#x62A;&#x648;&#x627;&#x635;&#x644; &#x641;&#x64A; &#x627;&#x644;&#x642;&#x64A;&#x627;&#x62F;&#x629; &#x627;&#x644;&#x645;&#x62F;&#x631;&#x633;&#x64A;&#x629;&#x60C; &#x628;&#x627;&#x644;&#x625;&#x636;&#x627;&#x641;&#x629; &#x625;&#x644;&#x649; &#x623;&#x647;&#x645;&#x64A;&#x629; &#x62A;&#x62F;&#x631;&#x64A;&#x628; &#x627;&#x644;&#x645;&#x639;&#x644;&#x645;&#x64A;&#x646; &#x639;&#x644;&#x649; &#x627;&#x633;&#x62A;&#x62E;&#x62F;&#x627;&#x645;&#x647;&#x627; &#x628;&#x641;&#x639;&#x627;&#x644;&#x64A;&#x629;&#x60C; &#x641;&#x647;&#x645;&#x627; &#x64A;&#x64F;&#x639;&#x64E;&#x62F;&#x64E;&#x651;&#x627;&#x646; &#x645;&#x646; &#x623;&#x647;&#x645; &#x627;&#x644;&#x645;&#x62A;&#x637;&#x644;&#x628;&#x627;&#x62A; &#x627;&#x644;&#x62A;&#x643;&#x646;&#x648;&#x644;&#x648;&#x62C;&#x64A;&#x629;&#x60C; &#x648;&#x645;&#x646; &#x627;&#x644;&#x639;&#x648;&#x627;&#x645;&#x644; &#x627;&#x644;&#x62A;&#x64A; &#x62A;&#x633;&#x647;&#x645; &#x641;&#x64A; &#x62F;&#x639;&#x645; &#x627;&#x644;&#x627;&#x628;&#x62A;&#x643;&#x627;&#x631; &#x648;&#x627;&#x644;&#x625;&#x628;&#x62F;&#x627;&#x639; &#x641;&#x64A; &#x627;&#x644;&#x645;&#x62F;&#x627;&#x631;&#x633;&#x60C; &#x648;&#x645;&#x646; &#x646;&#x62A;&#x627;&#x626;&#x62C; &#x627;&#x644;&#x62F;&#x631;&#x627;&#x633;&#x629; &#x623;&#x64A;&#x636;&#x64B;&#x627; &#x627;&#x644;&#x62D;&#x627;&#x62C;&#x629; &#x625;&#x644;&#x649; &#x62A;&#x648;&#x641;&#x64A;&#x631; &#x628;&#x646;&#x64A;&#x629; &#x62A;&#x62D;&#x62A;&#x64A;&#x629; &#x62A;&#x643;&#x646;&#x648;&#x644;&#x648;&#x62C;&#x64A;&#x629; &#x642;&#x648;&#x64A;&#x629;&#x60C; &#x648;&#x62F;&#x645;&#x62C; &#x627;&#x644;&#x62A;&#x643;&#x646;&#x648;&#x644;&#x648;&#x62C;&#x64A;&#x627; &#x641;&#x64A; &#x627;&#x644;&#x639;&#x645;&#x644;&#x64A;&#x629; &#x627;&#x644;&#x62A;&#x639;&#x644;&#x64A;&#x645;&#x64A;&#x629; &#x644;&#x62A;&#x639;&#x632;&#x64A;&#x632; &#x62C;&#x648;&#x62F;&#x629; &#x627;&#x644;&#x62A;&#x639;&#x644;&#x64A;&#x645; &#x648;&#x62A;&#x62D;&#x641;&#x64A;&#x632; &#x627;&#x644;&#x627;&#x628;&#x62A;&#x643;&#x627;&#x631;.</subfield>
  </datafield>
  <datafield tag="520" ind1=" " ind2=" ">
    <subfield code="a">The current study aimed to identify the features of creative leadership, its concept, and requirements, as well as to explore the organizational and administrative structure of the general education stages in Egypt. The study also sought to examine the reality of general education schools and the challenges that hinder creative leadership in these schools. Additionally, the study proposed a suggested framework for implementing creative leadership in general education schools in Egypt. The descriptive method was used in this study. One of the most important findings of the study is the use of technology to improve communication in school leadership, as well as training teachers to use it effectively. These are considered crucial technological requirements and factors that contribute to supporting innovation and creativity in schools. The study also highlights the need to provide a strong technological infrastructure and integrate technology into the educational process to enhance the quality of learning and stimulate innovation.      </subfield>
  </datafield>
  <datafield tag="530" ind1=" " ind2=" ">
    <subfield code="a">&#x635;&#x62F;&#x631; &#x623;&#x64A;&#x636;&#x64B;&#x627; &#x643;&#x642;&#x631;&#x635; &#x645;&#x62F;&#x645;&#x62C;.</subfield>
  </datafield>
  <datafield tag="546" ind1=" " ind2=" ">
    <subfield code="a">&#x627;&#x644;&#x646;&#x635; &#x628;&#x627;&#x644;&#x639;&#x631;&#x628;&#x64A;&#x629; &#x648;&#x627;&#x644;&#x645;&#x644;&#x62E;&#x635; &#x628;&#x627;&#x644;&#x644;&#x63A;&#x629; &#x627;&#x644;&#x625;&#x646;&#x62C;&#x644;&#x64A;&#x632;&#x64A;&#x629; &#x648;&#x627;&#x644;&#x639;&#x631;&#x628;&#x64A;&#x629;.</subfield>
  </datafield>
  <datafield tag="650" ind1=" " ind2="7">
    <subfield code="a">&#x627;&#x644;&#x62A;&#x639;&#x644;&#x64A;&#x645; &#x627;&#x644;&#x639;&#x627;&#x645;</subfield>
    <subfield code="2">qrmak</subfield>
  </datafield>
  <datafield tag="653" ind1=" " ind2="0">
    <subfield code="a">&#x645;&#x62A;&#x637;&#x644;&#x628;&#x627;&#x62A; &#x627;&#x644;&#x642;&#x64A;&#x627;&#x62F;&#x629; &#x627;&#x644;&#x625;&#x628;&#x62F;&#x627;&#x639;&#x64A;&#x629;</subfield>
    <subfield code="a">&#x645;&#x62F;&#x627;&#x631;&#x633; &#x627;&#x644;&#x62A;&#x639;&#x644;&#x64A;&#x645; &#x627;&#x644;&#x639;&#x627;&#x645;</subfield>
  </datafield>
  <datafield tag="700" ind1="0" ind2=" ">
    <subfield code="a">&#x641;&#x627;&#x631;&#x648;&#x642; &#x62C;&#x639;&#x641;&#x631; &#x639;&#x628;&#x62F; &#x627;&#x644;&#x62D;&#x643;&#x64A;&#x645; </subfield>
    <subfield code="e">&#x645;&#x634;&#x631;&#x641; &#x623;&#x637;&#x631;&#x648;&#x62D;&#x629;.</subfield>
  </datafield>
  <datafield tag="700" ind1="0" ind2=" ">
    <subfield code="a">&#x639;&#x628;&#x64A;&#x631; &#x623;&#x62D;&#x645;&#x62F; &#x639;&#x644;&#x64A; &#x643;&#x627;&#x639;&#x648;&#x629;</subfield>
    <subfield code="e">&#x645;&#x634;&#x631;&#x641; &#x623;&#x637;&#x631;&#x648;&#x62D;&#x629;.</subfield>
  </datafield>
  <datafield tag="900" ind1=" " ind2=" ">
    <subfield code="b">01-01-2024</subfield>
    <subfield code="c">&#x641;&#x627;&#x631;&#x648;&#x642; &#x62C;&#x639;&#x641;&#x631; &#x639;&#x628;&#x62F; &#x627;&#x644;&#x62D;&#x643;&#x64A;&#x645; </subfield>
    <subfield code="c">&#x639;&#x628;&#x64A;&#x631; &#x623;&#x62D;&#x645;&#x62F; &#x639;&#x644;&#x64A; &#x643;&#x627;&#x639;&#x648;&#x629;</subfield>
    <subfield code="d">&#x646;&#x62C;&#x648;&#x649; &#x64A;&#x648;&#x633;&#x641; &#x62C;&#x645;&#x627;&#x644; &#x627;&#x644;&#x62F;&#x64A;&#x646;     </subfield>
    <subfield code="d">&#x623;&#x62D;&#x645;&#x62F; &#x639;&#x628;&#x62F; &#x627;&#x644;&#x644;&#x647; &#x627;&#x644;&#x635;&#x63A;&#x64A;&#x631; &#x627;&#x644;&#x628;&#x646;&#x627;   </subfield>
    <subfield code="U">&#x62C;&#x627;&#x645;&#x639;&#x629; &#x627;&#x644;&#x642;&#x627;&#x647;&#x631;&#x629;</subfield>
    <subfield code="F">&#x643;&#x644;&#x64A;&#x629; &#x627;&#x644;&#x62F;&#x631;&#x627;&#x633;&#x627;&#x62A; &#x627;&#x644;&#x639;&#x644;&#x64A;&#x627; &#x644;&#x644;&#x62A;&#x631;&#x628;&#x64A;&#x629;</subfield>
    <subfield code="D">&#x642;&#x633;&#x645; &#x623;&#x635;&#x648;&#x644; &#x627;&#x644;&#x62A;&#x631;&#x628;&#x64A;&#x629;</subfield>
  </datafield>
  <datafield tag="905" ind1=" " ind2=" ">
    <subfield code="a">Sara</subfield>
    <subfield code="e">Afaf</subfield>
  </datafield>
  <datafield tag="942" ind1=" " ind2=" ">
    <subfield code="2">ddc</subfield>
    <subfield code="c">TH</subfield>
    <subfield code="e">21</subfield>
    <subfield code="n">0</subfield>
  </datafield>
  <datafield tag="999" ind1=" " ind2=" ">
    <subfield code="c">178081</subfield>
  </datafield>
  <datafield tag="952" ind1=" " ind2=" ">
    <subfield code="2">ddc</subfield>
    <subfield code="9">314273</subfield>
    <subfield code="a">CUCL</subfield>
    <subfield code="b">cl210</subfield>
    <subfield code="d">2026-01-28</subfield>
    <subfield code="i">32918</subfield>
    <subfield code="o">Cai01.23.02.M.Sc.2024.&#x633;&#x639;.&#x645;</subfield>
    <subfield code="p">01010100032918000</subfield>
    <subfield code="r">2026-01-28 11:35:00</subfield>
    <subfield code="w">2026-01-28</subfield>
    <subfield code="y">TH</subfield>
  </datafield>
</record>
